[Event "18th Karpov Poikovsky 2017"]
[Site "Poikovsky"]
[Date "2017.04.26"]
[Round "8"]
[White "Rodshtein, Maxim"]
[Black "Dubov, Daniil"]
[Result "1-0"]
[WhiteElo "2701"]
[BlackElo "2660"]
[Annotator "TA"]
[PlyCount "123"]
[EventDate "2017.??.??"]
[EventType "tourn"]
[EventCountry "RUS"]
[SourceTitle "playchess.com"]
[Source "ChessBase"]
[SourceQuality "1"]

{[%evp 17,123,0,0,-24,0,-2,0,0,0,0,0,0,0,0,8,8,8,8,8,8,8,18,13,18,10,-22,0,0,-6,-5,-2,-8,0,0,0,-3,-3,-2,-3,-21,-20,-21,-21,-20,-15,-21,-21,-21,-21,-15,0,-21,0,-18,-13,-14,0,0,0,0,0,0,179,51,170,174,183,177,177,21,122,54,144,52,110,93,214,199,416,188,189,200,189,185,247,154,205,208,175,100,106,0,0,0,122,122,190,191,210,8,188,198,414,410,735,706,1428,1425]} 1. d4 Nf6 2. c4 e6 3. Nf3 d5 4. g3 Bb4+ 5. Bd2 Be7 6. Bg2 {E11: Bogo-Indian} Nbd7 (6... O-O 7. O-O Nbd7 8. Qc2 Ne4 9. Bf4 c6 10. Nc3 g5 11. Bc1 f5 12. b3 b6 13. Bb2 Bb7 14. Rad1 Qe8 15. Nd2 Nd6 16. Ba3 Rc8 17. Rfe1 Nf7 18. Qb2 {½-½ (30) So,W (2822)-Nakamura,H (2793) Saint Louis 2017}) 7. Qc2 c6 8. O-O b6 9. Rc1 O-O {LiveBook: 5 Games} 10. Na3 $146 (10. Bf4 Bb7 11. cxd5 Nxd5 12. Nc3 Nxf4 13. gxf4 c5 14. dxc5 Nxc5 15. b4 Nd7 16. Rd1 Qc7 {½-½ (90) Kuzubov,Y (2629)-Ganguly,S (2672) Monzon 2016}) 10... Bxa3 11. bxa3 Ba6 12. cxd5 cxd5 13. Bb4 Re8 $1 14. e3 Rc8 15. Qa4 Bc4 16. Nd2 b5 (16... a5 $6 17. Nxc4 dxc4 18. Bd6 $16) 17. Qxa7 Ra8 18. Qb7 Rb8 19. Qa6 Rb6 20. Qa5 Qc8 21. e4 Nxe4 (21... Ra6 $5 {looks sharper.} 22. Nxc4 bxc4 23. Qb5 Qa8 24. e5 Qa7) 22. Nxc4 bxc4 23. Bxe4 $1 dxe4 24. Rc2 Rc6 25. Rac1 Nb6 26. Qb5 Qa8 27. Bc5 Rb8 28. Qb4 f5 29. Qd2 h6 30. Rb2 Nd5 31. Rxc4 Rxb2 32. Qxb2 Rc7 33. Rc1 $1 Qa6 34. Qd2 Rf7 35. Bb4 f4 36. Qc2 $1 {[%cal Rc2e4]} Rc7 37. Bc5 e3 38. fxe3 Nxe3 39. Qe4 $36 {[%mdl 2048] White fights for an advantage.} Rf7 $2 (39... e5 $11) 40. gxf4 (40. Rb1 $18 Qc8 41. gxf4) 40... Nd5 (40... Qe2 $1 $14 41. Bb4 Qg4+ 42. Kh1 Nf5) 41. Rb1 $1 $18 {[%cal Rb1b8] Threatening mate with Rb8+.} Qc8 42. Bd6 {Rb8 is the strong threat.} Nf6 43. Qe2 $2 (43. Qg6 $18 Ne8 44. Rb8 Qc1+ 45. Kg2 Qc6+ 46. Kg3 Qxd6 47. Rxe8+ Rf8 48. Qxe6+ Qxe6 49. Rxe6) 43... Qc6 (43... Qc3 $1 $11 {remains equal.} 44. Bc5 (44. Qxe6 Qxd4+ 45. Kh1 Qc3 $14) 44... Kh7) 44. Qxe6 (44. Rb8+ $1 $16 Kh7 45. Qd3+ (45. Qxe6 Qc1+ 46. Kf2 Qd2+ 47. Kf1 Qd1+ 48. Qe1 Qf3+ 49. Kg1 Qg4+ 50. Kf2 Qh4+ 51. Ke2 Qxh2+ 52. Kd1 Qg2 $11) 45... Ne4 46. Be5) 44... Qc2 ({Better is} 44... Ne4 $1 $14) 45. Rf1 ({Much weaker is} 45. Rb8+ $6 Kh7 46. Qe1 (46. Qxf7 Qd1+ 47. Kf2 Qd2+ 48. Kg3 Qe3+ 49. Kg2 Qe2+ 50. Kg1 Qd1+ 51. Kf2 Qd2+ 52. Kg3 Ne4+ 53. Kh3 Qe3+ 54. Kh4 Qe1+ 55. Kh3 Qf1+ 56. Kh4 Qe1+ 57. Kh3 Qe3+ 58. Kh4 Qf2+ 59. Kh3 Ng5+ 60. fxg5 Qxf7 $15) 46... Qg6+ 47. Qg3 Qc2 $11) (45. Re1 $1 $16) 45... Qg6+ (45... Qd3 $14) 46. Kh1 $16 Kh7 (46... Qd3 $16 47. Re1 Qxd4) 47. f5 $18 Qg4 $2 (47... Qh5 48. Qe3 Rb7) 48. Qe3 (48. Qxf7 $142 Qe4+ 49. Kg1 Qxd4+ 50. Kg2 Qe4+ 51. Rf3 Qe2+ 52. Kg3) 48... Rb7 {Now ...Rb2 and Black clings on.} 49. h3 Qh4 50. Rg1 Ne4 (50... Rb2 $142) 51. Bb4 Ng5 (51... Qh5 $16 {is a better defense.}) 52. Rg4 Qh5 53. Kh2 (53. Qg3 $18) 53... Rc7 $16 54. Bc5 (54. f6 $1 $16) 54... Rb7 $1 $11 55. Bb4 (55. f6 $11 Rb2+ 56. Kh1) 55... Rc7 $1 $16 {Black wants to play ...Rc2+.} 56. f6 $1 {[%cal Rf6g7] And now fxg7 would win.} gxf6 (56... Rc2+ $16 57. Kh1 gxf6 58. Qd3+ Qg6 59. Qxg6+ Kxg6) 57. Qd3+ $18 Kh8 58. Bc3 $2 (58. Rg3 $1 $18) 58... Rg7 $2 {[#]} (58... Nxh3 $1 $11 {and Black is okay.} 59. Qxh3 Qxh3+ 60. Kxh3 Rxc3+ 61. Rg3 Rc4) 59. Rg3 $1 {Hoping for d5.} Re7 $2 {[#]} (59... Qe8 60. d5 Ne4 61. Rxg7 Kxg7) 60. d5 $1 Re2+ (60... Kg7 $142 61. Qf5 Qg6 62. Qxg6+ Kxg6) 61. Kg1 Ne4 {[#]} 62. Qxe4 $1 {[%mdl 512]} 1-0

[Event "18th Karpov Poikovsky 2017"]
[Site "Poikovsky"]
[Date "2017.04.26"]
[Round "8"]
[White "Najer, Evgeniy"]
[Black "Korobov, Anton"]
[Result "1-0"]
[WhiteElo "2679"]
[BlackElo "2695"]
[Annotator "TA"]
[PlyCount "191"]
[EventDate "2017.??.??"]
[EventType "tourn"]
[EventCountry "RUS"]
[SourceTitle "playchess.com"]
[Source "ChessBase"]
[SourceQuality "1"]

{[%evp 21,191,0,0,2,10,4,19,11,23,1,52,13,29,25,15,25,22,16,28,13,24,18,54,0,0,0,80,120,311,-8,43,41,149,145,199,202,201,241,362,325,342,298,286,297,291,215,534,525,734,718,670,575,685,558,816,815,686,502,464,289,322,183,181,188,188,172,149,149,159,149,149,147,149,141,187,189,189,189,189,182,201,190,373,325,394,227,228,227,401,363,400,357,446,422,12797,12586,253,0,764,762,762,759,745,743,823,821,823,819,780,433,741,725,743,710,710,393,710,393,710,393,467,467,458,0,393,393,393,387,1016,376,913,900,1010,993,651,644,602,503,2485,2485,2485,2463,2448,2387,2274,2156,2119,2058,1901,989,1978,1841,1972,0,1962,1960,1605,1606,1554,1543,1539,715,29986,29987,29987,29988,29988,29989,29989,29990,29990,29990]} 1. e4 e6 2. d4 d5 3. Nc3 Nf6 4. e5 Nfd7 {[%cal Bf6d7,Bd7c5,Bc5e4,Be4c3][%mdl 32]} 5. f4 c5 6. Nf3 Nc6 7. Be3 Be7 8. Qd2 a6 9. dxc5 Nxc5 {C11: French: Classical System: 4 e5 and 4 Bg5 dxe4} 10. O-O-O Qa5 (10... O-O 11. h4 Qa5 12. Nd4 Nxd4 13. Bxd4 Rd8 14. Kb1 Qc7 15. Bd3 b5 16. g4 b4 17. Ne2 {1-0 (37) Kasimdzhanov,R (2691)-Lupulescu,C (2609) Germany 2017}) 11. Kb1 b5 {LiveBook: 7 Games. The position is equal.} 12. h4 Bd7 13. g4 $146 (13. h5 h6 14. g4 b4 15. Ne2 Qc7 16. Ng3 Na4 17. Nd4 {½-½ (55) Laustsen,K (2326)-Galanov,S ICCF email 2007}) 13... b4 14. Ne2 $1 (14. Nxd5 exd5 15. Qxd5 Rd8 $17) 14... Ne4 15. Qe1 $1 Rb8 ({Better is} 15... O-O $11) 16. Nc1 Nc3+ $1 17. bxc3 bxc3+ 18. Nb3 Rxb3+ $1 19. axb3 {aiming for Bd4.} (19. cxb3 $2 c2+ $1 {[%mdl 512]} 20. Kxc2 Qxa2+ 21. Kd3 Nb4+ 22. Qxb4 Bxb4 $19) 19... Ba3 $1 {[%cal Ra3b2] ( -> ...Bb2)} 20. Bb6 $1 {[%cal Rb6a5]} (20. Bc1 Bxc1 21. Nh2 Bb2 22. h5 Qa1#) 20... Qxb6 21. Qxc3 {next Qa1 is good for White.} O-O 22. Ng5 (22. Qd3 $14 Nb4 23. Qd4) 22... Rc8 $11 23. Qd3 g6 (23... Nb4 $1 $11 {keeps the balance.} 24. Qxh7+ Kf8) 24. Rh2 $1 $16 {h5 is the strong threat.} Be7 $2 (24... Nb4 $16 25. Qd4 Qc7) 25. Qxa6 $2 (25. Qh3 $18 {Black must now prevent h5.} Qb4 26. Bxa6) 25... Qc7 (25... Qd8 $11 26. c3 h6) 26. Qa1 $14 Qb6 (26... Nb4 $14) 27. h5 $1 $16 {[%cal Rh5g6]} Qg1 (27... Bxg5 $16 28. fxg5 Qg1) 28. Nf3 $1 $18 {[%cal Rf3g1]} (28. Rg2 $6 Qe3 $16) 28... Qxg4 29. Be2 Qxf4 (29... g5 {was worth a try.}) 30. hxg6 fxg6 {[#]} 31. Rdh1 $1 h5 32. Rg1 Be8 33. Qa6 Rc7 $2 (33... Rb8 {is a better chance.} 34. Rxh5 Bc5) 34. Rxh5 $1 Kg7 35. Qb6 Bd8 {[#]} 36. Rh4 $1 {[%mdl 512]} Qf7 (36... Bxh4 37. Qxc7+) 37. Rhg4 Qf5 38. Qe3 d4 39. Qd2 Rb7 {White should prevent ...Rxb3+.} 40. Qd3 (40. Nxd4 Nxd4 41. Bd3 (41. Rxd4 Rxb3+ 42. Kc1 Be7 $16) 41... Nxb3 42. cxb3 Rxb3+ 43. Kc2 Rxd3 44. Qxd3 Bc7 45. Qxf5 exf5 $18) (40. Kc1 Ra7 $18) 40... Be7 41. Nxd4 (41. R4g3 $142) 41... Nxd4 42. Rxd4 {Strongly threatening Qg3.} Bc5 {Hoping for ...Qxd3.} 43. Rf1 Qxd3 44. Rxd3 {Threatens to win with Rfd1.} Bb5 45. Rf6 {And now Rd2 would win.} Bxd3 46. Bxd3 $16 {[%mdl 4096] Endgame KRB-KRB} Bd4 47. Rxe6 Ra7 {[%csl Gd4][%cal Ra7a1]} 48. Rxg6+ Kf8 {[%csl Gd4][%cal Ra7a1]} 49. Ba6 Bxe5 50. b4 Bc3 51. b5 Bd4 $2 (51... Kf7 {was necessary.} 52. Rh6 Bg7) 52. Rd6 Be3 53. Kb2 (53. b6 $142 Rxa6 {[#]} 54. b7 $1 {[%mdl 512]} Rxd6 55. b8=Q+ Ke7 56. Qc7+ Ke6 57. c4) 53... Ke7 $18 54. Rg6 Kd7 $2 (54... Rd7 55. c4 Rd3) 55. Kb3 Ra8 56. Kb4 Rh8 57. b6 {[%cal Bb5b6,Bb6b7][%mdl 32]} Rh6 (57... Bd2+ $142 58. Ka4 Be3) 58. Bb5+ Kc8 59. Ba6+ $2 (59. Rxh6 Bxh6 60. Bc6) 59... Kd7 60. Rg7+ Kc6 61. b7 Bc5+ 62. Kb3 Rh8 63. Bd3 Bd6 64. Be4+ Kb6 65. Rd7 Bg3 (65... Kc5 $142 66. c4 Re8) 66. c3 Ka7 67. Bg2 Rh2 68. Bd5 Rh8 $2 (68... Rh6 69. Rd8 Rb6+ 70. Kc2 Bb8) 69. Rf7 Be5 $2 (69... Rh6 70. Rf8 Bb8) 70. Kb4 Kb6 71. Rd7 Bg3 72. Rf7 Be5 $1 73. Rf5 Bd6+ 74. Kb3 Re8 $2 (74... Rd8 75. Rf6 Kc5) 75. Bf3 $2 (75. Kc4 Rd8 76. Rf6) 75... Kc7 $2 (75... Ka7 76. Ra5+ Kb6) 76. Rb5 Kb8 77. Rb6 Be5 78. Ra6 {Intending Ra8+ and mate.} Kc7 79. c4 Bd4 (79... Bd6 $142 80. Rc6+ Kd7) 80. Kb4 Rf8 81. Ra8 Be5 82. Kb5 Rb8 83. Bg2 Bh2 84. Bh1 Be5 85. Bd5 Bh2 86. Ra2 Rh8 87. Ra8 Rb8 $1 88. Ra6 Rd8 89. Be4 Re8 90. Rc6+ Kb8 91. Kb6 ({And not} 91. Bg6 Re7 $11) (91. Bd5 $142 Bf4 92. Ra6) 91... Rd8 92. c5 {White mates.} Bg1 93. Bf5 Bxc5+ 94. Rxc5 ({Not} 94. Kxc5 Kxb7 95. Rh6 Rf8 $14) 94... Rd6+ 95. Rc6 Re6 96. Bd3 1-0

[Event "18th Karpov Poikovsky 2017"]
[Site "Poikovsky"]
[Date "2017.04.26"]
[Round "8"]
[White "Sutovsky, Emil"]
[Black "Anton Guijarro, David"]
[Result "1-0"]
[WhiteElo "2650"]
[BlackElo "2679"]
[Annotator "TA"]
[PlyCount "61"]
[EventDate "2017.??.??"]
[EventType "tourn"]
[EventCountry "RUS"]
[SourceTitle "playchess.com"]
[Source "ChessBase"]
[SourceQuality "1"]

{[%evp 17,61,-8,0,0,0,0,4,-2,10,13,13,28,13,21,35,22,93,58,90,90,98,89,89,84,82,58,54,-141,590,585,576,546,590,578,495,520,616,595,972,954,1091,1083,1016,758,29985,29986]} 1. e4 c6 2. d4 d5 3. e5 Bf5 4. h4 h5 5. Bd3 {B12: Caro-Kann: Advance Variation} Bxd3 6. Qxd3 Qa5+ ({Relevant:} 6... e6 7. Bg5 Be7 8. Nf3 Nh6 9. Nc3 Nf5 10. Ne2 c5 11. dxc5 Qa5+ 12. c3 Qxc5 13. Bxe7 Kxe7 14. Ned4 Nxd4 15. Nxd4 {0-1 (32) Adams,M (2761)-Svidler,P (2741) Shenzhen 2017}) 7. Nd2 e6 8. Ngf3 Qa6 9. c4 Nh6 {LiveBook: 3 Games} 10. O-O Nf5 11. b3 Be7 12. a4 $146 ({Predecessor:} 12. g3 Nd7 {0-1 (41) Ladron de Guevara Pinto,P (2369)-Anton Guijarro,D (2627) Linares 2016}) 12... Bxh4 13. Ba3 Be7 14. Bxe7 Nxe7 15. a5 Nd7 16. Rfc1 Rd8 (16... Nf5 $11) 17. b4 $16 {Strongly threatening b5.} dxc4 18. Nxc4 Nf5 19. Ng5 {[%mdl 1024] White has strong compensation.} Nb8 {[#]} 20. Qf3 $1 {aiming for Nd6+!} Qb5 21. Ne3 $36 {[%mdl 2048] White has the initiative.} g6 $1 22. Ne4 $2 (22. d5 $1 $14 {is the one way to stay ahead.} cxd5 23. Rc7) 22... O-O $2 {[%mdl 8192]} ({Worse is} 22... Rxd4 23. Nxf5 gxf5 24. Nd6+ Rxd6 25. exd6 $16) (22... Qxb4 $2 23. Rab1 Qxa5 24. Nxf5 (24. Rxb7 O-O $18) 24... exf5 25. Rxb7 $18) (22... Nxd4 $17 23. Qf6 O-O) 23. Nf6+ Kg7 24. Nxh5+ gxh5 25. Nxf5+ (25. Qxh5 Rxd4 26. Qg5+ Kh8 27. Nxf5 exf5) 25... exf5 26. Qxf5 {Qg5+ would kill now.} Rfe8 {[#] With the idea ...Qd5.} 27. Qf6+ $1 ({Weaker is} 27. Qg5+ Kf8 $11) 27... Kh7 28. e6 {[%cal Be5e6,Be6e7][%mdl 32]} Qd3 29. Qxf7+ Kh6 30. e7 Rc8 31. Re1 1-0

[Event "18th Karpov Poikovsky 2017"]
[Site "Poikovsky"]
[Date "2017.04.26"]
[Round "8"]
[White "Bologan, Victor"]
[Black "Zhigalko, Sergei"]
[Result "1/2-1/2"]
[WhiteElo "2640"]
[BlackElo "2639"]
[Annotator "TA"]
[PlyCount "64"]
[EventDate "2017.??.??"]
[EventType "tourn"]
[EventCountry "RUS"]
[SourceTitle "playchess.com"]
[Source "ChessBase"]
[SourceQuality "1"]

{[%evp 27,64,11,25,-8,0,0,0,-14,0,0,-9,-15,3,3,10,3,11,4,0,0,8,0,0,0,0,0,-7,-8,0,0,0,0,0,0,0,0,0,0,0]} 1. e4 c5 2. Nf3 Nc6 3. d4 cxd4 4. Nxd4 Nf6 5. Nc3 e5 6. Ndb5 {[%cal Bd4b5,Bb5a3,Ba3c2,Bc2b4][%mdl 32]} d6 7. Bg5 a6 8. Na3 b5 9. Nd5 Be7 10. Bxf6 Bxf6 11. c3 Bg5 12. Nc2 Ne7 13. Ncb4 O-O {B33: Sicilian: Pelikan and Sveshnikov Variations} 14. h4 Bh6 {LiveBook: 20 Games} 15. Bd3 (15. a4 bxa4 16. Qxa4 a5 17. Bb5 Nxd5 18. Nxd5 Be6 19. Bc6 Rb8 20. b4 axb4 21. cxb4 {1-0 (41) Dominguez Perez,L (2732)-Zhigalko,S (2656) Berlin 2015}) 15... Nxd5 {The position is equal.} 16. Nxd5 Be6 17. Bc2 Rb8 $146 (17... Rc8 18. Qd3 Rc5 19. Bb3 Kh8 20. Rd1 f5 21. Nb4 Bxb3 22. axb3 {0-1 (46) Madejska,J-Aksiuczyc,M (2075) Brzeg Dolny 1995}) 18. Qd3 a5 19. a3 Kh8 20. Rd1 Bg4 21. f3 Be6 22. g3 Bxd5 23. Qxd5 Qb6 24. Kf1 b4 25. axb4 axb4 26. Rh2 bxc3 27. bxc3 Qc7 28. Qxd6 Qxc3 29. Rd3 Qa1+ 30. Rd1 Qc3 31. Rd3 Qa1+ 32. Rd1 Qc3 1/2-1/2

[Event "18th Karpov Poikovsky 2017"]
[Site "Poikovsky"]
[Date "2017.04.27"]
[Round "9"]
[White "Jakovenko, Dmitry"]
[Black "Sutovsky, Emil"]
[Result "1/2-1/2"]
[WhiteElo "2718"]
[BlackElo "2650"]
[Annotator "TA"]
[PlyCount "36"]
[EventDate "2017.??.??"]
[EventType "tourn"]
[EventCountry "RUS"]
[SourceTitle "playchess.com"]
[Source "ChessBase"]
[SourceQuality "1"]

{[%evp 27,36,44,52,17,4,-13,0,0,0,0,18]} 1. d4 Nf6 2. c4 g6 3. g3 Bg7 4. Bg2 O-O 5. Nc3 d6 6. Nf3 Nbd7 7. O-O e5 8. e4 c6 9. b3 exd4 10. Nxd4 Nc5 11. f3 {E68: King's Indian: Fianchetto: 6...Nbd7 7 0-0 e5 8 e4} Re8 12. Be3 d5 (12... a6 13. Qd2 Nfd7 14. b4 Ne5 15. Qe2 Ne6 16. Rad1 Qc7 17. Rfe1 Rb8 18. h3 b5 19. cxb5 axb5 20. Nxe6 Bxe6 {0-1 (34) Jakovenko,D (2704)-Grischuk,A (2737) Doha 2016}) 13. Nxc6 bxc6 14. Bxc5 dxc4 {LiveBook: 4 Games} 15. Qxd8 ({But not} 15. bxc4 Nd7 16. Bd4 Ne5 $11) 15... Rxd8 {The position is equal.} 16. Rad1 Rxd1 $146 (16... Be6 17. Rxd8+ {½-½ (17) Barsov,A (2475)-McNab,C (2445) Oxford 1998}) 17. Rxd1 {[#] Hoping for Rd8+.} Nd7 18. Bd4 cxb3 1/2-1/2

[Event "18th Karpov Poikovsky 2017"]
[Site "Poikovsky"]
[Date "2017.04.27"]
[Round "9"]
[White "Korobov, Anton"]
[Black "Inarkiev, Ernesto"]
[Result "1/2-1/2"]
[WhiteElo "2695"]
[BlackElo "2727"]
[Annotator "TA"]
[PlyCount "43"]
[EventDate "2017.??.??"]
[EventType "tourn"]
[EventCountry "RUS"]
[SourceTitle "playchess.com"]
[Source "ChessBase"]
[SourceQuality "1"]

{[%evp 13,43,0,0,0,0,0,0,0,0,0,0,0,0,0,5,0,0,0,0,0,0,0,0,0,0,0,0,0,0,0,0,0]} 1. d4 Nf6 2. c4 e6 3. Nc3 Bb4 4. Qc2 O-O 5. e4 d5 6. e5 Ne4 7. Bd3 c5 {The position is equal.} 8. Nf3 {White wants to play 0-0. E32: Nimzo-Indian: Classical (4 Qc2): 4...0-0} cxd4 9. Nxd4 Nd7 10. Bf4 Qh4 11. g3 Qh5 12. O-O Bxc3 ({Much worse is} 12... Nxe5 $6 13. Be2 (13. cxd5 Nxd3 14. Qxd3 Bxc3 15. bxc3 exd5 $15) 13... Ng4 14. Bxg4 Qxg4 15. f3 $16 (15. Nxe4 dxe4 16. Qxe4 f6 $11) (15. cxd5 Nxc3 16. bxc3 Bc5 $11)) 13. bxc3 g5 $1 {[%cal Rg5f4]} ({Stronger than} 13... Nxe5 14. Be2 (14. Bxe4 dxe4 15. Qxe4 Nxc4 $11) 14... Ng4 15. Bxg4 (15. h4 e5 16. cxd5 Nd6 $17) 15... Qxg4 16. f3 $16) 14. Be2 Qh3 15. Bc1 Nxe5 {[#]} 16. cxd5 $146 (16. Rb1 b6 17. cxd5 exd5 18. f3 Nxg3 19. hxg3 Qxg3+ 20. Kh1 Qh3+ 21. Kg1 Qg3+ {½-½ (21) Feller,S (2626)-Naiditsch,A (2720) Montpellier 2015}) 16... exd5 17. f3 {[#]} Nxg3 $1 {[%mdl 512]} 18. hxg3 Qxg3+ 19. Kh1 Qh3+ (19... Qh4+ $5 20. Kg1 $8 Qg3+ 21. Kh1 Qh4+ 22. Kg1 Qg3+ $11) 20. Kg1 {Rf2 is the strong threat.} Qg3+ 21. Kh1 Qh3+ (21... Qh4+ $5 22. Kg1 $8 Qg3+ $11) 22. Kg1 1/2-1/2

[Event "18th Karpov Poikovsky 2017"]
[Site "Poikovsky"]
[Date "2017.04.27"]
[Round "9"]
[White "Anton Guijarro, David"]
[Black "Rodshtein, Maxim"]
[Result "1/2-1/2"]
[WhiteElo "2679"]
[BlackElo "2701"]
[Annotator "TA"]
[PlyCount "89"]
[EventDate "2017.??.??"]
[EventType "tourn"]
[EventCountry "RUS"]
[SourceTitle "playchess.com"]
[Source "ChessBase"]
[SourceQuality "1"]

{[%evp 5,89,3,10,0,13,13,14,20,20,17,19,20,19,5,19,8,21,20,21,29,30,16,39,25,33,-7,-8,-26,-35,-30,-17,-49,-38,-41,0,-46,-44,-46,-46,-46,-43,-37,0,0,0,-39,-16,-18,-20,-18,-10,-8,-17,-29,-1,-7,0,0,0,0,0,0,0,-24,0,0,0,0,0,0,0,0,0,0,0,0,0,0,0,0,8,8,8,8,8,0]} 1. Nf3 {[%cal Bg1f3,Bf3h4,Bh4g2,Bg2f4][%mdl 32]} d5 2. b3 Bf5 3. Bb2 e6 4. d3 {A06: Réti Opening:1 Nf3 d5} Nf6 ({Relevant:} 4... h6 5. Nbd2 Nf6 6. c4 c6 7. g3 Be7 8. Bg2 O-O 9. O-O Nbd7 10. a3 a5 11. Qb1 Bh7 12. b4 axb4 13. axb4 Qb6 14. Bc3 Rxa1 15. Qxa1 Bxb4 16. Bxb4 Qxb4 17. Rb1 Qd6 18. Rxb7 e5 {1-0 (33) Rapport,R (2702)-Carlsen,M (2840) Wijk aan Zee 2017}) 5. Nh4 Bg4 6. h3 Bh5 7. g4 Nfd7 8. Ng2 Bg6 9. Nf4 c6 $146 ({Predecessor:} 9... Qh4 10. e3 c6 11. Nd2 a5 {1-0 (42) Werner,D (2384)-Lengyel,B (2338) Budapest 2002}) 10. e3 Bb4+ 11. Nd2 e5 12. Nxg6 hxg6 13. Bg2 a5 14. O-O Na6 15. Qe2 a4 16. a3 Bxd2 $1 17. Qxd2 axb3 18. f4 bxc2 19. fxe5 Qg5 20. e6 fxe6 21. Bxg7 Rh7 22. Bb2 $1 Nac5 {Hoping for ...Nb3.} 23. Rae1 O-O-O 24. Qxc2 e5 25. e4 dxe4 26. d4 exd4 27. Bxd4 Qd5 28. Rd1 Re8 29. Rf2 Qd6 {Threatens to win with ...Nd3.} 30. Re2 Re6 31. Bf2 Qe7 32. Qc4 Rf7 33. Bg3 Ne5 34. Qc3 ({Much worse is} 34. Qd4 Qd7 $15) 34... b6 35. Rb1 {The position is equal.} Qc7 {[#] aiming for ...Nf3+.} 36. Kh1 Rd7 $1 {[%cal Rd7d3] White should prevent ...Rd3.} ({Of course not} 36... Rh7 $6 37. Reb2 Na4 38. Qb3 $16) 37. Bxe4 Nxe4 38. Rxe4 Rd3 $1 {[%cal Rd3c3]} 39. Qxd3 Nxd3 40. Bxc7 Rxe4 41. Bxb6 $11 {KRB-KRN} c5 42. Kg2 Re3 43. a4 Nf4+ 44. Kf2 Ra3 45. Bxc5 1/2-1/2

[Event "18th Karpov Poikovsky 2017"]
[Site "Poikovsky"]
[Date "2017.04.27"]
[Round "9"]
[White "Dubov, Daniil"]
[Black "Bologan, Victor"]
[Result "1/2-1/2"]
[WhiteElo "2660"]
[BlackElo "2640"]
[Annotator "TA"]
[PlyCount "103"]
[EventDate "2017.??.??"]
[EventType "tourn"]
[EventCountry "RUS"]
[SourceTitle "playchess.com"]
[Source "ChessBase"]
[SourceQuality "1"]

{[%evp 14,103,40,36,43,26,31,17,20,25,25,37,36,6,11,0,8,0,26,29,17,20,23,12,13,14,22,25,52,24,21,21,19,18,16,17,21,24,19,20,23,26,38,44,32,19,17,18,51,46,47,50,60,2,13,0,0,0,0,-69,0,0,0,0,0,0,8,8,15,8,8,8,8,8,8,8,8,8,8,8,8,8,8,8,8,8,8,8,8,8,8,8]} 1. c4 e5 2. g3 Nf6 3. Bg2 c6 4. Nf3 e4 5. Nd4 d5 6. cxd5 Qxd5 7. e3 {A20: English Opening: 1...e5} Bc5 8. d3 {LiveBook: 4 Games} Bxd4 9. exd4 {White is slightly better.} Qxd4 {[#] Hoping for ...Bg4.} 10. dxe4 Qxd1+ 11. Kxd1 O-O 12. f3 $146 ({Predecessor:} 12. Nc3 Na6 13. Ke2 Re8 14. f3 Nd5 {½-½ (37) Miroshnichenko,E (2624)-Roiz,M (2668) Germany 2011}) 12... c5 13. Be3 b6 14. Nc3 Nc6 15. Kc1 Be6 16. Rd1 Rad8 17. b3 Rxd1+ 18. Nxd1 Rd8 19. Kb2 c4 20. Nf2 Nd7 21. Rd1 cxb3 22. axb3 Na5 23. Bh3 Bxh3 24. Nxh3 Nc6 25. Nf2 f6 26. Rc1 Rc8 27. Nd3 Kf7 28. f4 Ne7 29. Ra1 Rc7 30. f5 Ne5 31. Nxe5+ fxe5 $14 {[%mdl 4096] Endgame KRB-KRN} 32. g4 Rd7 33. Kc3 (33. Rc1 $14) 33... Nc8 $11 34. Bf2 Nd6 35. Re1 g5 36. Kb2 {[#]} (36. h4 $11) 36... Rc7 (36... Nxe4 $1 $15 {[%mdl 512]} 37. Bxb6 (37. Rxe4 Rd2+) 37... Rd2+ 38. Kc1 axb6 39. Rxe4 Rxh2) 37. h4 {The position is equal.} Kf6 38. Re2 h6 39. Be1 Rc6 40. Bd2 Rc8 41. hxg5+ hxg5 42. Bb4 Nf7 43. Rd2 {Black must now prevent Rd7.} a5 44. Bc3 Rd8 45. Rxd8 Nxd8 {KB-KN} 46. b4 Nb7 47. bxa5 bxa5 48. Kb3 {Threatens to win with Kc4.} Nc5+ 49. Kc4 Nxe4 50. Bxa5 Nf2 51. Bd8+ Kf7 52. Bxg5 1/2-1/2